[Event "29th ch-SLO Women 2019"]
[Site "Radenci SLO"]
[Date "2019.05.02"]
[Round "7.4"]
[White "Kuhar, Larisa"]
[Black "Vidic, Teja"]
[Result "0-1"]
[WhiteElo "1930"]
[BlackElo "2102"]
[PlyCount "102"]
[EventDate "2019.04.27"]
[EventType "tourn"]
[EventRounds "9"]
[EventCountry "SLO"]
[SourceTitle "The Week in Chess 1278"]
[Source "Mark Crowther"]
[SourceDate "2019.05.06"]
[SourceVersion "1"]
[SourceVersionDate "2019.05.06"]
[SourceQuality "2"]

1. e4 c5 2. Nf3 Nc6 3. d4 cxd4 4. Nxd4 Nf6 5. Nc3 d6 6. Be2 e5 7. Nb3 Be7 8.
O-O O-O 9. Re1 a5 10. a4 Nb4 11. Bf3 Be6 12. Be3 Rc8 13. Re2 Ng4 14. Bc1 Qb6
15. Nb5 Nxc2 16. Rxc2 Bxb3 17. Bxg4 Bxc2 18. Qe2 Bxa4 19. Nc3 Rxc3 20. bxc3 Bc6
21. Qc4 Ra8 22. Be2 a4 23. Bd3 Qa5 24. Ba3 d5 25. exd5 Bxd5 26. Bxh7+ Kh8 27.
Qd3 Bxa3 28. Rxa3 Be6 29. Be4 Rd8 30. Qf3 Bd5 31. Qh5+ Kg8 32. Bc2 Qc5 33. Rxa4
Qxc3 34. Qh7+ Kf8 35. Qh8+ Ke7 36. Qh4+ Ke8 37. Qh8+ Kd7 38. Qh3+ Qxh3 39. gxh3
Kd6 40. Rg4 Rc8 41. Be4 Rc4 42. f3 Bxe4 43. fxe4 g6 44. Kf2 b5 45. h4 b4 46.
Ke3 Rc2 47. Kd3 b3 48. h3 Rh2 49. Kc3 b2 50. Rg1 Rxh3+ 51. Kxb2 Rxh4 0-1

[Event "Ordu op 5th"]
[Site "Ordu"]
[Date "2019.04.30"]
[Round "2"]
[White "Kamer, Kayra"]
[Black "Asgari, Morteza"]
[Result "0-1"]
[WhiteElo "2379"]
[BlackElo "2248"]
[PlyCount "102"]
[EventDate "2019.04.29"]
[EventType "swiss"]
[EventRounds "9"]
[EventCountry "TUR"]
[SourceTitle "OM OTB B 201907"]
[Source "Opening Master"]
[SourceDate "2019.07.06"]
[SourceVersion "2"]
[SourceVersionDate "2019.07.06"]
[SourceQuality "1"]

1. e4 c5 2. Nf3 d6 3. d4 cxd4 4. Nxd4 Nf6 5. Nc3 Nc6 6. Be2 e5 7. Nb3 Be7 8.
Be3 Be6 9. Bf3 O-O 10. g4 a5 11. g5 Nd7 12. h4 a4 13. Nc1 a3 14. b3 Nd4 15.
Bxd4 exd4 16. Qxd4 Ne5 17. Be2 Qc7 18. f4 Rfc8 19. Nd1 Nc6 20. Qd2 d5 21. exd5
Bxd5 22. O-O Nd4 23. c4 Be4 24. Nf2 Rd8 25. Nxe4 Nf3+ 26. Bxf3 Rxd2 27. Nxd2
Qb6+ 28. Rf2 Bc5 29. Nd3 Bxf2+ 30. Nxf2 Qd4 31. Rd1 Qb2 32. Bxb7 Rd8 33. Bd5
Qxa2 34. Nb1 Kf8 35. b4 Qb3 36. Nxa3 Qxa3 37. b5 Qg3+ 38. Kf1 Qxh4 39. b6 Qxf4
40. b7 Qxg5 41. c5 Qf4 42. c6 Ke7 43. Kg2 Kd6 44. Ne4+ Kc7 45. Nc5 Qg4+ 46. Kf2
Qxd1 47. Na6+ Kb6 48. c7 Qc2+ 49. Ke3 Qxc7 50. Nxc7 Kxc7 51. Bf3 Rb8 0-1

[Event "GER-ch Seniors 65 31st"]
[Site "Radebeul"]
[Date "2019.04.29"]
[Round "4"]
[White "Bodach, Hans"]
[Black "Gebuhr, Guenter"]
[Result "1/2-1/2"]
[WhiteElo "2078"]
[BlackElo "1883"]
[PlyCount "97"]
[EventDate "2019.04.26"]
[EventType "swiss"]
[EventRounds "9"]
[EventCountry "GER"]
[SourceTitle "OM OTB B 201907"]
[Source "Opening Master"]
[SourceDate "2019.07.06"]
[SourceVersion "2"]
[SourceVersionDate "2019.07.06"]
[SourceQuality "1"]

1. e4 c5 2. Nf3 Nc6 3. d4 cxd4 4. Nxd4 Nf6 5. Nc3 d6 6. Be2 e5 7. Nb3 Be7 8.
O-O Be6 9. Bf3 a6 10. Be3 O-O 11. Nd5 Bxd5 12. exd5 Na5 13. Qd3 Nxb3 14. Qxb3
Qd7 15. c4 b5 16. Rfd1 bxc4 17. Qxc4 Rfc8 18. Qd3 Qb5 19. Qd2 a5 20. Be2 Qb4
21. Rac1 Qxd2 22. Bxd2 Rxc1 23. Rxc1 Ne4 24. Be1 Nc5 25. Rc2 f5 26. Bb5 a4 27.
Kf1 Rb8 28. Bc4 Bf6 29. Bc3 Kf7 30. b4 axb3 31. axb3 e4 32. Ba5 Nxb3 33. Bc7
Nd4 34. Bxb8 Nxc2 35. Bxd6 Nd4 36. Bc5 Ke8 37. Ke1 Kd7 38. Kd2 f4 39. Ba2 g5
40. Bb4 Nb5 41. Bb3 Nd6 42. Ba4+ Ke7 43. Ke2 h5 44. g3 Be5 45. gxf4 Bxf4 46. h3
Kf6 47. Bd7 Ke5 48. Be6 Kd4 49. Bxd6 1/2-1/2

[Event "Denver op"]
[Site "Denver"]
[Date "2019.04.27"]
[Round "3"]
[White "Fishbein, Alexander"]
[Black "Corrales Jimenez, Fidel"]
[Result "0-1"]
[WhiteElo "2456"]
[BlackElo "2563"]
[PlyCount "120"]
[EventDate "2019.04.26"]
[EventType "swiss"]
[EventRounds "5"]
[EventCountry "USA"]
[SourceTitle "OM OTB B 201907"]
[Source "Opening Master"]
[SourceDate "2019.07.06"]
[SourceVersion "2"]
[SourceVersionDate "2019.07.06"]
[SourceQuality "1"]

1. e4 c5 2. Nf3 d6 3. d4 cxd4 4. Nxd4 Nf6 5. Nc3 Nc6 6. Be2 e5 7. Nf3 h6 8. O-O
Be7 9. Re1 O-O 10. h3 a6 11. Bf1 b5 12. a4 b4 13. Nd5 a5 14. Bc4 Be6 15. Qd3
Bxd5 16. exd5 e4 17. Rxe4 Nxe4 18. dxc6 Nf6 19. Nd4 d5 20. Ba6 Ne4 21. Bb7 Rb8
22. Nb5 Bc5 23. Be3 Qb6 24. Qxd5 Bxe3 25. Qxe4 Bxf2+ 26. Kh1 Rbe8 27. Qc4 Bg3
28. Qd4 Qxd4 29. Nxd4 g6 30. Ba6 Re4 31. Ne2 Bc7 32. Rd1 Rd8 33. Rxd8+ Bxd8 34.
g3 Kf8 35. Kg2 Bb6 36. b3 Ke7 37. Nf4 Kd6 38. Bc4 g5 39. Nh5 Bd4 40. g4 Be5 41.
Kf3 Re1 42. Bb5 Rc1 43. Bc4 Rxc2 44. Bxf7 Rxc6 45. Ke4 Rc7 46. Bg8 Rc3 47. Kf5
Rxh3 48. Kg6 Rh4 49. Kf5 Rh2 50. Kg6 Rg2 51. Kf5 Bh8 52. Bc4 Kc5 53. Be6 Kd4
54. Kg6 Ke5 55. Bf5 Rb2 56. Ng3 Rxb3 57. Ne4 Rh3 58. Nc5 Rc3 59. Nb7 Rc6+ 60.
Kh5 Kf6 0-1

[Event "Tenerife-ch"]
[Site "Tenerife"]
[Date "2019.04.26"]
[Round "9"]
[White "Rodriguez Redondo, Adhara"]
[Black "Lopez Pereyra, Antonio"]
[Result "0-1"]
[WhiteElo "1953"]
[BlackElo "2016"]
[PlyCount "82"]
[EventDate "2019.04.03"]
[EventType "tourn"]
[EventRounds "9"]
[EventCountry "ESP"]
[SourceTitle "OM OTB B 201907"]
[Source "Opening Master"]
[SourceDate "2019.07.06"]
[SourceVersion "2"]
[SourceVersionDate "2019.07.06"]
[SourceQuality "1"]

1. e4 c5 2. Nf3 Nc6 3. d4 cxd4 4. Nxd4 Nf6 5. Nc3 d6 6. Be2 e5 7. Nb3 Be7 8.
O-O O-O 9. Be3 a5 10. a4 Nb4 11. Bf3 Be6 12. Qd2 Qd7 13. Rfd1 Bg4 14. Bxg4 Qxg4
15. f3 Qg6 16. Nb5 d5 17. c3 dxe4 18. cxb4 exf3 19. Qf2 e4 20. Qg3 Ng4 21. Bd4
fxg2 22. h3 f5 23. hxg4 f4 24. Qxg2 Bh4 25. Nd2 f3 26. Qh3 Rf4 27. Kh2 f2 28.
Qxh4 Rxg4 29. Qh3 Rf8 30. Ra3 Rf5 31. Rg3 Rh5 32. Bxf2 Rxh3+ 33. Kxh3 Rxg3+ 34.
Bxg3 Qh5+ 35. Kg2 Qe2+ 36. Kh3 Qxd1 37. Bf4 g5 38. Bxg5 Qh5+ 39. Bh4 e3 40. Nf1
Qf3+ 41. Ng3 e2 0-1

[Event "Karlsruhe Grenke op"]
[Site "Karlsruhe"]
[Date "2019.04.22"]
[Round "8"]
[White "Schroeder, Jan Christian"]
[Black "Frischmann, Rick"]
[Result "1-0"]
[WhiteElo "2577"]
[BlackElo "2317"]
[PlyCount "77"]
[EventDate "2019.04.18"]
[EventType "swiss"]
[EventRounds "9"]
[EventCountry "GER"]
[SourceTitle "OM OTB B 201907"]
[Source "Opening Master"]
[SourceDate "2019.07.06"]
[SourceVersion "2"]
[SourceVersionDate "2019.07.06"]
[SourceQuality "1"]

1. e4 c5 2. Nf3 Nc6 3. d4 cxd4 4. Nxd4 Nf6 5. Nc3 d6 6. Be2 e5 7. Nf3 h6 8. O-O
Be7 9. Re1 O-O 10. Bc4 Bg4 11. h3 Bh5 12. a3 Rc8 13. Ba2 Qd7 14. Qd3 Rfd8 15.
Nh4 Nd4 16. Be3 g5 17. Nf5 Nxf5 18. exf5 d5 19. Bxa7 e4 20. Qd2 Qxf5 21. Bd4
Kh7 22. Nd1 Bg6 23. Ne3 Qf4 24. c3 Rc6 25. a4 h5 26. Nf1 Ne8 27. Rad1 Ng7 28.
Qxf4 gxf4 29. Be5 Rc5 30. Bxf4 Ne6 31. Be3 d4 32. cxd4 Rc2 33. d5 Rxb2 34. dxe6
Rxa2 35. Rxd8 Bxd8 36. Rd1 Bh4 37. Rd7 Rxa4 38. exf7 Kg7 39. Bh6+ 1-0

[Event "World School-ch U13"]
[Site "Antalya"]
[Date "2019.04.22"]
[Round "5"]
[White "Amilal, Munkhdalai"]
[Black "Baisart, Tamerlan"]
[Result "1-0"]
[WhiteElo "2042"]
[BlackElo "1516"]
[PlyCount "51"]
[EventDate "2019.04.18"]
[EventType "swiss"]
[EventRounds "9"]
[EventCountry "TUR"]
[SourceTitle "OM OTB B 201907"]
[Source "Opening Master"]
[SourceDate "2019.07.06"]
[SourceVersion "2"]
[SourceVersionDate "2019.07.06"]
[SourceQuality "1"]

1. e4 c5 2. Nf3 d6 3. d4 cxd4 4. Nxd4 Nf6 5. Nc3 Nc6 6. Be2 e5 7. Nf3 Be7 8.
O-O O-O 9. Bg5 Be6 10. Qd2 h6 11. Bxf6 Bxf6 12. Rfd1 Be7 13. Nd5 Bxd5 14. Qxd5
Rc8 15. c3 Qb6 16. Qb3 Qc7 17. Nd2 Rfd8 18. Nc4 Bf8 19. Ne3 Ne7 20. Bc4 Ng6 21.
g3 a6 22. a4 Nh8 23. a5 Be7 24. Ra4 Rb8 25. Nd5 Qd7 26. Ra2 1-0

[Event "EU-ch (Women) 20th"]
[Site "Antalya"]
[Date "2019.04.21"]
[Round "10"]
[White "Petrenko, Svetlana"]
[Black "Sieber, Fiona"]
[Result "0-1"]
[WhiteElo "2155"]
[BlackElo "2310"]
[PlyCount "74"]
[EventDate "2019.04.11"]
[EventType "swiss"]
[EventRounds "11"]
[EventCountry "TUR"]
[SourceTitle "OM OTB B 201907"]
[Source "Opening Master"]
[SourceDate "2019.07.06"]
[SourceVersion "2"]
[SourceVersionDate "2019.07.06"]
[SourceQuality "1"]

1. e4 c5 2. Nf3 d6 3. d4 cxd4 4. Nxd4 Nf6 5. Nc3 Nc6 6. Be2 e5 7. Nb3 Be7 8.
O-O O-O 9. Be3 a5 10. a4 Be6 11. Bf3 Nb4 12. Qe2 Qc7 13. Rfc1 Bc4 14. Qd2 d5
15. exd5 Rfd8 16. Bg5 Nfxd5 17. Nxd5 Nxd5 18. Bxe7 Qxe7 19. Nxa5 Nb4 20. Qc3
Na2 21. Rxa2 Bxa2 22. Bxb7 Bd5 23. Bxd5 Rxd5 24. b4 Qd7 25. h3 Rc8 26. Qf3 Rd4
27. b5 e4 28. Qf4 Rxa4 29. Nc6 f6 30. c4 Re8 31. Qe3 Qd3 32. Kh2 Qd6+ 33. g3
Qe6 34. c5 Rea8 35. Rc3 Ra1 36. Qd4 Rh1+ 37. Kxh1 Qxh3+ 0-1

[Event "World Schools U17 2019"]
[Site "Antalya TUR"]
[Date "2019.04.18"]
[Round "1.7"]
[White "Pallie, Tuan Ehshan"]
[Black "Aydincelebi, Kagan"]
[Result "0-1"]
[WhiteElo "1629"]
[BlackElo "2148"]
[PlyCount "58"]
[EventDate "2019.04.18"]
[EventType "swiss"]
[EventRounds "9"]
[EventCountry "TUR"]
[SourceTitle "The Week in Chess 1277"]
[Source "Mark Crowther"]
[SourceDate "2019.04.29"]
[SourceVersion "2"]
[SourceVersionDate "2019.04.30"]
[SourceQuality "2"]

1. e4 c5 2. Nf3 Nc6 3. d4 cxd4 4. Nxd4 Nf6 5. Nc3 d6 6. Be2 e5 7. Nb3 Be7 8.
Bg5 Be6 9. Qd2 a5 10. Bxf6 Bxf6 11. Nb5 a4 12. Nc1 O-O 13. O-O d5 14. exd5 Bxd5
15. Rd1 Be6 16. Qxd8 Rfxd8 17. Nc7 Rxd1+ 18. Bxd1 Rd8 19. Be2 Bf5 20. Nd3 Nd4
21. Kf1 Rd7 22. Ne8 Be7 23. Nxe5 Rd8 24. Rd1 Bxc2 25. Rd2 Bb4 26. Rxc2 Nxc2 27.
Bc4 Rd1+ 28. Ke2 Re1+ 29. Kd3 Rxe5 0-1

[Event "FRA-ch U16"]
[Site "Hyeres"]
[Date "2019.04.17"]
[Round "5"]
[White "Christien, Vincent"]
[Black "Zachary, Matheo"]
[Result "0-1"]
[WhiteElo "2183"]
[BlackElo "2281"]
[PlyCount "124"]
[EventDate "2019.04.14"]
[EventType "swiss"]
[EventRounds "9"]
[EventCountry "FRA"]
[SourceTitle "OM OTB B 201907"]
[Source "Opening Master"]
[SourceDate "2019.07.06"]
[SourceVersion "2"]
[SourceVersionDate "2019.07.06"]
[SourceQuality "1"]

1. e4 c5 2. Nf3 Nc6 3. Nc3 Nf6 4. d4 cxd4 5. Nxd4 d6 6. Be2 e5 7. Nf3 Be6 8.
Ng5 Nd4 9. Nxe6 fxe6 10. Be3 Nxe2 11. Qxe2 Be7 12. Rd1 O-O 13. O-O a6 14. Rd2
Rc8 15. Rfd1 Qc7 16. Bg5 Qb6 17. Na4 Qa5 18. Nc3 Qb4 19. Rd3 Kh8 20. Bc1 Rc4
21. a3 Qc5 22. Rh3 d5 23. exd5 exd5 24. Kh1 d4 25. Ne4 Rxc2 26. Nxf6 Rxf6 27.
Qe4 h6 28. Bg5 Rc6 29. b4 Qd6 30. Bxe7 Qxe7 31. f4 Rc1 32. Rhd3 Rxd1+ 33. Rxd1
Re6 34. fxe5 Rxe5 35. Qxd4 Re1+ 36. Rxe1 Qxe1+ 37. Qg1 Qc3 38. h3 Qxa3 39. Qc5
Qa1+ 40. Kh2 b5 41. Qd6 Kg8 42. Qe6+ Kf8 43. Qd6+ Kf7 44. Qd7+ Kf6 45. Qd6+ Kf5
46. Qd3+ Ke6 47. Qg6+ Qf6 48. Qe8+ Kd5 49. Qc8 Qf4+ 50. Kg1 Qxb4 51. Qxa6 Qd4+
52. Kh1 b4 53. Qa2+ Kc5 54. Qc2+ Qc3 55. Qf5+ Kc4 56. Qe4+ Kb3 57. Qb1+ Ka3 58.
Qg6 b3 59. Qa6+ Kb2 60. Kg1 Kb1 61. Kf1 b2 62. Ke2 Kc1 0-1

[Event "13. LSS Anni P-00019"]
[Site "LSS"]
[Date "2019.04.17"]
[Round "?"]
[White "Lombardi, Donato"]
[Black "Baroin, Bernard"]
[Result "0-1"]
[WhiteElo "849"]
[BlackElo "2157"]
[PlyCount "70"]
[EventDate "2019.04.23"]
[SourceTitle "LSS to Dec2020"]
[Source "LSS ed TH"]
[SourceDate "2021.01.12"]
[SourceVersion "3"]
[SourceVersionDate "2021.01.12"]
[SourceQuality "1"]

1. e4 c5 2. Nf3 Nc6 3. d4 cxd4 4. Nxd4 Nf6 5. Nc3 d6 6. Be2 e5 7. Nb3 Be7 8.
O-O O-O 9. Be3 Be6 10. f4 exf4 11. Bxf4 d5 12. exd5 Nxd5 13. Nxd5 Bxd5 14. c4
Be4 15. Bf3 Qb6+ 16. Kh1 Rfd8 17. Qe2 Bd3 18. c5 Bxc5 19. Qd1 Bxf1 20. Qxf1 Be3
21. Bxe3 Qxe3 22. Re1 Qb6 23. Bxc6 Qxc6 24. Re7 Qf6 25. Re1 Qxf1+ 26. Rxf1 Rac8
27. h3 Rc2 28. Re1 Rxb2 29. Nc5 f6 30. Re7 Rd1+ 31. Kh2 Rdd2 32. Ne6 Rxg2+ 33.
Kh1 Rge2 34. Rxg7+ Kh8 35. Re7 Rb1# 0-1

[Event "20th ch-EUR Indiv w 2019"]
[Site "Antalya TUR"]
[Date "2019.04.15"]
[Round "5.44"]
[White "Lubbe, Melanie"]
[Black "Ilyuchyk, Yana"]
[Result "1-0"]
[WhiteElo "2304"]
[BlackElo "2152"]
[PlyCount "141"]
[EventDate "2019.04.11"]
[EventType "swiss"]
[EventRounds "11"]
[EventCountry "TUR"]
[SourceTitle "The Week in Chess 1275"]
[Source "Mark Crowther"]
[SourceDate "2019.04.15"]
[SourceVersion "1"]
[SourceVersionDate "2019.04.15"]
[SourceQuality "2"]

1. e4 c5 2. Nf3 Nc6 3. d4 cxd4 4. Nxd4 Nf6 5. Nc3 d6 6. Be2 e5 7. Nf3 h6 8. O-O
Be7 9. Re1 O-O 10. h3 Be6 11. Bf1 Qd7 12. Nd5 Bd8 13. c4 Nh7 14. b3 Ng5 15.
Nxg5 Bxg5 16. Bb2 f5 17. exf5 Bxf5 18. Ne3 Bh4 19. g3 Bd8 20. c5 Ba5 21. Re2
Bxh3 22. Qxd6 Qxd6 23. cxd6 Bxf1 24. Rxf1 Bb4 25. Rd1 Rad8 26. Nc4 Rf6 27. f4
b5 28. fxe5 Re6 29. Na3 a6 30. Kf1 Nxe5 31. Rxe5 Rxe5 32. Bxe5 Bxa3 33. d7 Rf8+
34. Ke2 Be7 35. Ke3 Bd8 36. Ke4 Rf7 37. Rd6 Kf8 38. Kd5 a5 39. Kc6 Ke7 40. Rd5
Rf2 41. Bxg7 Rc2+ 42. Rc5 Rxa2 43. Bxh6 Ke6 44. Bg5 Bxg5 45. Rxg5 Rc2+ 46. Kxb5
Kxd7 47. Kxa5 Kc6 48. Rg6+ Kb7 49. b4 Re2 50. Rg7+ Kb8 51. g4 Re5+ 52. b5 Re6
53. g5 Rd6 54. Kb4 Re6 55. Rf7 Rg6 56. Rf5 Kc7 57. Rd5 Rg7 58. Kc5 Rg6 59. Kd4
Re6 60. Re5 Rg6 61. Rc5+ Kd7 62. Kc4 Rg8 63. Kb4 Kd6 64. Rc6+ Kd7 65. g6 Ra8
66. g7 Rg8 67. Rg6 Kc7 68. b6+ Kd7 69. Kb5 Kd8 70. Kc6 Kc8 71. Rf6 1-0

[Event "EU-ch Seniors 50 19th"]
[Site "Rhodes"]
[Date "2019.04.14"]
[Round "9"]
[White "Edvardsen, Ragnar"]
[Black "Karavas, Stamatios"]
[Result "1/2-1/2"]
[WhiteElo "1984"]
[BlackElo "1543"]
[PlyCount "81"]
[EventDate "2019.04.06"]
[EventType "swiss"]
[EventRounds "9"]
[EventCountry "GRE"]
[SourceTitle "OM OTB B 201907"]
[Source "Opening Master"]
[SourceDate "2019.07.06"]
[SourceVersion "2"]
[SourceVersionDate "2019.07.06"]
[SourceQuality "1"]

1. e4 c5 2. Nf3 Nc6 3. d4 cxd4 4. Nxd4 Nf6 5. Nc3 d6 6. Be2 e5 7. Nb3 Be7 8.
Be3 a5 9. a4 O-O 10. O-O Nb4 11. f4 Be6 12. f5 Bd7 13. Nd5 Nbxd5 14. exd5 Qe8
15. g4 Bxa4 16. Qd3 Bxb3 17. Qxb3 Qc8 18. c4 Ne4 19. Kg2 Nc5 20. Qc2 Qd8 21.
Ra3 Bg5 22. Bf2 Bf4 23. h4 f6 24. Rfa1 Qb6 25. Rh3 Qd8 26. b3 b6 27. Rah1 Kf7
28. Be3 Bxe3 29. Rxe3 Rh8 30. Qc1 Ke7 31. Reh3 Qf8 32. Qb1 Kd7 33. Bd1 Kc7 34.
Bc2 Qe7 35. Qb2 Na6 36. Rg3 Rag8 37. Ra1 Nb4 38. Be4 Qd7 39. Rf3 Kb8 40. Rff1
Qc7 41. Ra4 1/2-1/2

[Event "POL-ch blitz"]
[Site "Chorzow"]
[Date "2019.04.12"]
[Round "1"]
[White "Szwaj, Jacek"]
[Black "Czarnota, Pawel"]
[Result "0-1"]
[WhiteElo "1995"]
[BlackElo "2534"]
[PlyCount "46"]
[EventDate "2019.04.12"]
[EventType "swiss (blitz)"]
[EventRounds "15"]
[EventCountry "POL"]
[SourceTitle "OM OTB B 201907"]
[Source "Opening Master"]
[SourceDate "2019.07.06"]
[SourceVersion "2"]
[SourceVersionDate "2019.07.06"]
[SourceQuality "1"]

1. e4 c5 2. Nf3 d6 3. d4 cxd4 4. Nxd4 Nf6 5. Nc3 Nc6 6. Be2 e5 7. Nb3 Be7 8.
O-O O-O 9. Be3 a5 10. a4 Nb4 11. Bf3 Qc7 12. Qd2 Be6 13. Rfd1 Rfd8 14. Nb5 Qxc2
15. Rac1 Qxb3 16. Rc7 Bf8 17. Rxb7 Rab8 18. Rxb8 Rxb8 19. Rc1 Qxa4 20. Nc7 Qd7
21. Nxe6 Qxe6 22. Ra1 Qc4 23. h3 Nxe4 0-1

[Event "19th BCC Open 2019"]
[Site "Bangkok THA"]
[Date "2019.04.08"]
[Round "3.30"]
[White "Dhar, S."]
[Black "Leonardo, Franklin"]
[Result "1-0"]
[WhiteElo "2038"]
[BlackElo "1596"]
[PlyCount "65"]
[EventDate "2019.04.06"]
[EventType "swiss"]
[EventRounds "9"]
[EventCountry "THA"]
[SourceTitle "The Week in Chess 1275"]
[Source "Mark Crowther"]
[SourceDate "2019.04.15"]
[SourceVersion "1"]
[SourceVersionDate "2019.04.15"]
[SourceQuality "2"]

1. e4 c5 2. Nf3 d6 3. d4 cxd4 4. Nxd4 Nf6 5. Nc3 Nc6 6. Be2 e5 7. Nb3 h6 8. O-O
Be7 9. Kh1 Be6 10. f4 exf4 11. Bxf4 O-O 12. Nd4 Nxd4 13. Qxd4 Ng4 14. h3 Ne5
15. Bxe5 dxe5 16. Qxe5 Bf6 17. Qg3 Qb8 18. Qf3 Qc7 19. Nd5 Bxd5 20. exd5 Qxc2
21. Bd3 Qxb2 22. Qf5 Rfe8 23. Qh7+ Kf8 24. Qh8+ Ke7 25. Rae1+ Be5 26. Qxg7 Kd6
27. Qxf7 Re7 28. Qg6+ Kxd5 29. Be4+ Kc4 30. Rc1+ Bc3 31. Bd3+ Kd5 32. Rb1 Qxa2
33. Rb5+ 1-0

[Event "ch-Moscow Final w 2019"]
[Site "Moscow RUS"]
[Date "2019.04.04"]
[Round "6.10"]
[White "Sayafarova, Anna"]
[Black "Afanasieva, Alexandra"]
[Result "1/2-1/2"]
[WhiteElo "1794"]
[BlackElo "2093"]
[PlyCount "230"]
[EventDate "2019.03.30"]
[EventType "swiss"]
[EventRounds "9"]
[EventCountry "RUS"]
[SourceTitle "The Week in Chess 1274"]
[Source "Mark Crowther"]
[SourceDate "2019.04.08"]
[SourceVersion "1"]
[SourceVersionDate "2019.04.08"]
[SourceQuality "2"]

1. e4 c5 2. Nf3 Nc6 3. d4 cxd4 4. Nxd4 Nf6 5. Nc3 d6 6. Be2 e5 7. Nb3 Be7 8.
O-O O-O 9. f4 a5 10. a4 Nb4 11. Bf3 Be6 12. Be3 exf4 13. Bxf4 Nxc2 14. Qxc2
Qb6+ 15. Qf2 Qxf2+ 16. Rxf2 Bxb3 17. Rd2 Rfd8 18. Nb5 Ne8 19. Ra3 Bc4 20. Rc3
Bxb5 21. axb5 Rac8 22. b6 Rxc3 23. bxc3 Rc8 24. e5 dxe5 25. Bxe5 Rd8 26. Re2
Bc5+ 27. Bd4 Bxd4+ 28. cxd4 Nd6 29. Re7 Kf8 30. Rc7 a4 31. Bxb7 Rb8 32. Bc6 a3
33. Ra7 Rxb6 34. d5 Rb1+ 35. Kf2 Ra1 36. g3 a2 37. Kg2 Ne4 38. d6 Nxd6 39. Bd5
g6 40. Rxa2 Rxa2+ 41. Bxa2 Ke7 42. Kf3 Kf6 43. Bb1 Nc4 44. Ba2 Ne5+ 45. Ke4 g5
46. h3 Ng6 47. Bb1 Ne7 48. Ba2 Nf5 49. Kf3 Nd6 50. Bb1 h6 51. Kg4 Nc4 52. Kh5
Kg7 53. h4 f6 54. hxg5 hxg5 55. Kg4 Ne3+ 56. Kf3 Nc4 57. Ba2 Nd6 58. Kg4 Kg6
59. Kf3 f5 60. Bb1 Kf6 61. Bd3 Ke5 62. Bb1 Ne4 63. Ba2 Nf6 64. Bb1 Nd5 65. Ba2
Nc3 66. Bb3 Nb5 67. Ba2 Nd4+ 68. Ke3 Nc2+ 69. Kf3 Nb4 70. Bb1 Nc6 71. Ba2 Ne7
72. Bb1 Nc6 73. Ba2 Kf6 74. Bb1 Ne5+ 75. Ke3 Nc4+ 76. Kd3 Na3 77. Ba2 Ke5 78.
Ke3 Nc2+ 79. Kf3 Nd4+ 80. Ke3 Nb5 81. Bb1 Nd6 82. Ba2 Ne4 83. Kf3 g4+ 84. Kg2
Kd4 85. Bg8 Ke3 86. Be6 Nd6 87. Bd7 Ke2 88. Be6 Kd3 89. Bd7 Ke3 90. Be6 Ke2 91.
Bd7 Nc4 92. Bb5 Kd3 93. Ba6 Kd4 94. Bc8 Nd6 95. Bd7 Ke3 96. Be6 Kd3 97. Bd7 Ke2
98. Be6 Ke1 99. Bd7 Nc4 100. Bb5 Ne3+ 101. Kg1 Nd5 102. Bd7 Ne3 103. Bb5 Nc2
104. Bd3 Nd4 105. Ba6 Ne2+ 106. Kg2 Nc3 107. Bc8 Nd5 108. Ba6 Kd2 109. Kf2 Nf6
110. Bc8 Ne4+ 111. Kg2 Nd6 112. Bd7 Ke3 113. Be6 Ke4 114. Bd7 Nc4 115. Bc6+ Ke5
1/2-1/2

[Event "21st Dubai Open 2019"]
[Site "Dubai UAE"]
[Date "2019.04.04"]
[Round "4.24"]
[White "Bharath, Subramaniyam H"]
[Black "Vignesh, N R."]
[Result "1/2-1/2"]
[WhiteElo "2301"]
[BlackElo "2476"]
[PlyCount "50"]
[EventDate "2019.04.01"]
[EventType "swiss"]
[EventRounds "9"]
[EventCountry "UAE"]
[SourceTitle "The Week in Chess 1274"]
[Source "Mark Crowther"]
[SourceDate "2019.04.08"]
[SourceVersion "1"]
[SourceVersionDate "2019.04.08"]
[SourceQuality "2"]

1. e4 c5 2. Nf3 d6 3. d4 cxd4 4. Nxd4 Nf6 5. Nc3 Nc6 6. Be2 e5 7. Nb3 Be7 8.
O-O O-O 9. Be3 Be6 10. Qd2 a5 11. Rad1 a4 12. Nc1 a3 13. b3 Qa5 14. f3 Nb4 15.
Nd3 Nxd3 16. Bxd3 Rfc8 17. Na4 Qxd2 18. Bxd2 d5 19. exd5 Bxd5 20. Rfe1 Rxa4 21.
bxa4 e4 22. c4 Bc6 23. Bc2 Bc5+ 24. Be3 Bb4 25. Bd2 Bc5+ 1/2-1/2

[Event "CRO-ch"]
[Site "Bjelovar"]
[Date "2019.04.02"]
[Round "2"]
[White "Zelcic, Robert"]
[Black "Martinovic, Sasa"]
[Result "1/2-1/2"]
[WhiteElo "2520"]
[BlackElo "2555"]
[PlyCount "112"]
[EventDate "2019.04.01"]
[EventType "tourn"]
[EventRounds "11"]
[EventCountry "CRO"]
[EventCategory "13"]
[SourceTitle "OM OTB B 201907"]
[Source "Opening Master"]
[SourceDate "2019.07.06"]
[SourceVersion "2"]
[SourceVersionDate "2019.07.06"]
[SourceQuality "1"]

1. e4 c5 2. Nf3 Nc6 3. d4 cxd4 4. Nxd4 Nf6 5. Nc3 d6 6. Be2 e5 7. Nb3 Be7 8.
O-O O-O 9. Bg5 a5 10. Nd2 Be6 11. Bc4 Nxe4 12. Bxe7 Nxc3 13. Bxd8 Nxd1 14. Bc7
Nxb2 15. Bxe6 fxe6 16. Rab1 Na4 17. Bxd6 Rf4 18. f3 Nc3 19. Rb3 Rd4 20. Rxc3
Rxd2 21. Bc7 Nd4 22. Rd3 Rxc2 23. Bxe5 Nc6 24. Bc3 Nb4 25. Bxb4 axb4 26. Ra1
Raxa2 27. Rxa2 Rxa2 28. Rd8+ Kf7 29. Rd7+ Kf6 30. Rxb7 Rb2 31. h4 b3 32. Kh2 h5
33. Rb5 g6 34. Kg3 Ke7 35. Rb6 Kd7 36. Kf4 Kc7 37. Rb4 Kd6 38. g3 Kc5 39. Rb8
Kc4 40. Rc8+ Kd3 41. Rd8+ Kc3 42. Rc8+ Kd2 43. Rb8 Rb1 44. Rb6 b2 45. Kg5 Kc3
46. Rc6+ Kd4 47. Rb6 Kc3 48. Rc6+ Kd4 49. Rb6 Rg1 50. Rxb2 Rxg3+ 51. Kf4 Rh3
52. Rd2+ Kc5 53. Kg5 Rxf3 54. Kxg6 Rf5 55. Rd8 Rd5 56. Rh8 Kd6 1/2-1/2

[Event "HUN-chT 1819"]
[Site "Hungary"]
[Date "2019.03.31"]
[Round "7.2"]
[White "Kiss, Attila"]
[Black "Madl, Ildiko"]
[Result "1/2-1/2"]
[WhiteElo "2333"]
[BlackElo "2308"]
[PlyCount "29"]
[EventDate "2018.11.17"]
[EventType "team-tourn"]
[EventRounds "9"]
[EventCountry "HUN"]
[SourceTitle "OM OTB B 201907"]
[Source "Opening Master"]
[SourceDate "2019.07.06"]
[SourceVersion "2"]
[SourceVersionDate "2019.07.06"]
[SourceQuality "1"]
[WhiteTeam "HVSE Infraplan"]
[BlackTeam "Csuti Hydrocomp"]
[WhiteTeamCountry "HUN"]
[BlackTeamCountry "HUN"]

1. e4 c5 2. Nf3 d6 3. d4 cxd4 4. Nxd4 Nf6 5. Nc3 Nc6 6. Be2 e5 7. Nf3 h6 8. O-O
Be7 9. Re1 O-O 10. h3 Be6 11. Bf1 Nb8 12. b3 a6 13. Bb2 Nbd7 14. a4 Qc7 15. a5
1/2-1/2